| 000 | 00568nam a22001817a 4500 | ||
|---|---|---|---|
| 003 | CEME | ||
| 005 | 20210628202447.0 | ||
| 008 | 210122b xxu||||| |||| 00| 0 eng d | ||
| 020 | _a0-12-379777-2 | ||
| 040 | _c. | ||
| 082 | _a006.37 COM | ||
| 100 |
_aJahne, Bernd Haubecker, Horst _959999 |
||
| 245 | _aComputer vision and applications a guide for students and practitioners | ||
| 260 |
_aNEW YORK _bACADEMIC PRESS _c2000 |
||
| 300 | _aXXI,678 P | ||
| 650 |
_aCOMPUTER VISION .PATTERN RECOGNITION.SENSORS AND IMAGING.SIGNAL PROCESSING. _960000 |
||
| 942 |
_cBK _2ddc |
||
| 999 |
_c569846 _d569846 |
||